000 01228nam a2200313 i 4500
003 DO-SdBNP
005 20240305073656.0
007 ta
008 110413s2019 dr d 000 0 spa d
020 _a9789945909883
040 _aDO-SdBNP
_bspa
_cBNPHU
_erda
082 _bB742
_222
100 _aBosch Carcuro, Matías
_d1977-
_978616
245 1 0 _aDel negocio seguro a la seguridad social :
_banálisis económico - político y fundamentos para el debate sobre un nuevo modelo de derechos a la salud y la protección social en República Dominicana /
_cMatías Bosch Carcuro, Airon Fernández Gil
264 1 _aSanto Domingo :
_bFundación Juan Bosch,
_c2019.
300 _a159 páginas
_c23 cm.
336 _2rdacontent
_atexto
_btxt
337 _2rdamedia
_asin mediación
_bn
338 _2rdacarrier
_avolumen
_bnc
500 _aIncluye datos biográficos de los autores en la solapa de la portada.
504 _aBibliografía p: 153-159
590 _aInventariado, 2023/ YL
650 4 _aReflexión
_xFilosofía
_983873
650 4 _aPsicología del aprendizaje
_92721
650 4 _aValores
_xFilosofía
_983874
700 1 _aSilié, Rubén,
_d1946-
_eAutor
_91421
910 _aYLockward
942 _2ddc
_cLBS1
999 _c54705
_d54705